01142naa#a2200205#i#4500001001600000005001700016011001400033100004100047102000700088200022500095210011800320215001000438608004500448675020000493686005800693700005800751700006000809700005200869856001500921RU\\bibl\12325320260605051033.5##a2782-5957##a20260529b2026####ek#y0rusy0150####ca##aRU1#aМОДЕЛИРОВАНИЕ РАБОЧИХ ПРОЦЕССОВ ДИЗЕЛЬНОГО ДВИГАТЕЛЯ С ПОМОЩЬЮ СОВРЕМЕННЫХ ПРОГРАММНЫХ КОМПЛЕКСОВeЖурнальная статья1#aБрянскcБрянский государственный технический университетd2026##a7 с.##aЖурнальная статья2local##aИнструментальные средства разработки программного обеспечения. 004.4'2aДвигатели внутреннего сгорания. 621.43##aАвтодорожный транспорт. 3932bbk#1aОбозовgАлександр Алексеевич#1aФеськовgДмитрий Владимирович#1aТитенокgДмитрий Олегович4#anaukaru.ru